000 00568nam a22002417a 4500
003 UA-OsUOA
001 26523
007 ta
008 20040607b un ||||| |||| 00| 0 ukr d
100 _aБабаков И.М.
090 _a534.1
_bБ12
942 _cBK
040 _aUA-OsUOA
_brus
_cUA-OsUOA
_dUA-OsUOA
245 _aТеория колебаний
300 _a559 с.
955 _a0
041 _arus
080 _a534.1
260 _aМосква
_bИздательство " Наука"
_c1968
044 _aRU
650 7 _2UDC
999 _c312848
_d312848